|
|
|
|
| LEADER |
01874nam a22003613i 4500 |
| 001 |
EBC29943373 |
| 003 |
MiAaPQ |
| 005 |
20231204023229.0 |
| 006 |
m o d | |
| 007 |
cr cnu|||||||| |
| 008 |
231204s2022 xx o ||||0 eng d |
| 020 |
|
|
|a 9789264782907
|q (electronic bk.)
|
| 035 |
|
|
|a (MiAaPQ)EBC29943373
|
| 035 |
|
|
|a (Au-PeEL)EBL29943373
|
| 035 |
|
|
|a (OCoLC)1344541687
|
| 040 |
|
|
|a MiAaPQ
|b eng
|e rda
|e pn
|c MiAaPQ
|d MiAaPQ
|
| 100 |
1 |
|
|a OECD.
|
| 245 |
1 |
0 |
|a Financing a Water Secure Future.
|
| 250 |
|
|
|a 1st ed.
|
| 264 |
|
1 |
|a Paris :
|b Organization for Economic Cooperation & Development,
|c 2022.
|
| 264 |
|
4 |
|c Ã2022.
|
| 300 |
|
|
|a 1 online resource (138 pages)
|
| 336 |
|
|
|a text
|b txt
|2 rdacontent
|
| 337 |
|
|
|a computer
|b c
|2 rdamedia
|
| 338 |
|
|
|a online resource
|b cr
|2 rdacarrier
|
| 520 |
|
|
|a This report presents a summary of the key challenges and opportunities related to financing that contributes to water security and sustainable growth distilling insights from the Roundtable on Financing Water and related analyses. It covers a broad range of water-related investments, including water and sanitation services, water resources management, agricultural water and managing water-related risks ("too much", "too little" and "too polluted").
|
| 588 |
|
|
|a Description based on publisher supplied metadata and other sources.
|
| 590 |
|
|
|a Electronic reproduction. Ann Arbor, Michigan : ProQuest Ebook Central, 2023. Available via World Wide Web. Access may be limited to ProQuest Ebook Central affiliated libraries.
|
| 650 |
|
0 |
|a Finance.
|
| 655 |
|
4 |
|a Electronic books.
|
| 776 |
0 |
8 |
|i Print version:
|a OECD
|t Financing a Water Secure Future
|d Paris : Organization for Economic Cooperation & Development,c2022
|
| 797 |
2 |
|
|a ProQuest (Firm)
|
| 856 |
4 |
0 |
|u https://ebookcentral.proquest.com/lib/matrademy/detail.action?docID=29943373
|z Click to View
|